Lo ocurrido en el XVI Congreso Internacional de 2ª enseñanza celebrado en Roma / (Record no. 19503)
[ view plain ]
| 000 -LEADER | |
|---|---|
| campo de control de longitud fija | 00516nam a2200169 i 4500 |
| 001 - NÚMERO DE CONTROL | |
| campo de control | 19503 |
| 003 - IDENTIFICADOR DE NÚMERO DE CONTROL | |
| campo de control | ES-MaACL |
| 005 - FECHA Y HORA DE LA ÚLTIMA TRANSACCIÓN | |
| campo de control | 20230906152118.0 |
| 007 - CAMPO FIJO DE DESCRIPCIÓN FÍSICA--INFORMACIÓN GENERAL | |
| campo de control de longitud fija | t| |
| 008 - DATOS DE LONGITUD FIJA--INFORMACIÓN GENERAL | |
| campo de control de longitud fija | 021001s1934 sp ||||1| spa d |
| 100 1# - ENTRADA PRINCIPAL--NOMBRE DE PERSONA | |
| Nombre de persona | Abad Carretero, Luis, |
| Fechas asociadas al nombre | 1895-1971 |
| 9 (RLIN) | 226341 |
| 245 10 - MENCIÓN DEL TÍTULO | |
| Título | Lo ocurrido en el XVI Congreso Internacional de 2ª enseñanza celebrado en Roma / |
| Mención de responsabilidad, etc. | Luis Abad. |
| 260 ## - PUBLICACIÓN, DISTRIBUCIÓN, ETC. | |
| Lugar de publicación, distribución, etc. | Madrid : |
| Nombre del editor, distribuidor, etc. | [Unión Poligráfica], |
| Fecha de publicación, distribución, etc. | 1934. |
| 300 ## - DESCRIPCIÓN FÍSICA | |
| Extensión | 48 p. ; |
| Dimensiones | 24 cm. |
| 852 ## - LOCALIZACIÓN | |
| Ubicación | ES-MaACL |
| Número de control de estantería | 1801-F-16 |
| Estatus retirado | Estado de pérdida | Estado de daño | No para préstamo | Colección | Biblioteca de origen | Biblioteca actual | Ubicación en estantería | Fecha de adquisición | Fuente de adquisición | Total de préstamos | Signatura topográfica completa | Código de barras | Visto por última vez | Precio de reemplazo | Tipo de ítem Koha |
|---|---|---|---|---|---|---|---|---|---|---|---|---|---|---|---|
| Colección de folletos | Biblioteca del Ateneo de Madrid | Biblioteca del Ateneo de Madrid | Depósito folletos | 17/01/2008 | 1801-F-16 | 1019954 | 23/02/2023 | 23/02/2023 | Folleto |
